000 00618cab a2200253 4500
001 ABS60481
008 090401t1999 xxu||||| |||| 00| 0 eng d
035 _a(Sirsi) u93249
041 _aeng
100 _h
245 _aCost model
260 _c1999
350 _a0
490 _aBuilding
_v(17) 30 April 1999, 60-65(6)
650 _aBROWNFIELD SITES
650 _aCONTAMINATED LAND
650 _aCOST MODELS
650 _aENVIRONMENTAL PROTECTION ACT 1990
650 _aLAND REMEDIATION
650 _aPOLLUTION
690 _aENVIRONMENTAL AND LAND CONSULTANCY
942 _n0
948 _c11/05/1999
999 _c59103
_d59103